| 000 | 00508nam a2200169 i 4500 | ||
|---|---|---|---|
| 001 | 36317 | ||
| 003 | ES-MaACL | ||
| 005 | 20230906155338.0 | ||
| 007 | t| | ||
| 008 | 030217s1972 sp ||||1| spa d | ||
| 100 | 1 |
_aBrustat-Naval, Fritz. _932231 |
|
| 245 | 1 | 0 |
_aOperación "escape" / _cFritz Brustat-Naval ; [versión Pascual López Sánchez]. |
| 260 |
_aBarcelona : _bAcervo, _c[1972] |
||
| 300 |
_a307 p. ; _c23 cm. |
||
| 700 | 1 |
_aLópez Sánchez, Pascual. _973960 |
|
| 852 |
_aES-MaACL _jC-43807 _bR.82661 |
||
| 999 |
_c36317 _d36317 |
||